Todos os Bairros de Salvador (BA) - Statistics

Estatísticas Gerais
  • Esse quiz foi jogado 22 vezes
  • A pontuação média é 37 de 171
Estatísticas das Respostas
Resposta % Correto
Barra
85%
CAB
62%
Pituba
62%
Mata Escura
54%
Piatã
54%
Pirajá
54%
Rio Vermelho
54%
Boca do Rio
46%
Bonfim
46%
Brotas
46%
Cabula
46%
Cajazeiras IV
46%
Centro
46%
Graça
46%
Itapuã
46%
Ondina
46%
Paripe
46%
Periperi
46%
Pernambués
46%
São Tomé
46%
Amaralina
38%
Cajazeiras II
38%
Cajazeiras V
38%
Cajazeiras VI
38%
Cajazeiras VII
38%
Cajazeiras VIII
38%
Cajazeiras X
38%
Caminho das Árvores
38%
Costa Azul
38%
Coutos
38%
Fazenda Coutos
38%
Imbuí
38%
Itaigara
38%
Lobato
38%
Nordeste de Amaralina
38%
Patamares
38%
Plataforma
38%
Tancredo Neves
38%
Aeroporto
31%
Alto do Cabrito
31%
Bairro da Paz
31%
Boca da Mata
31%
Fazenda Grande do Retiro
31%
Federação
31%
Lapinha
31%
Palestina
31%
Ribeira
31%
São Rafael
31%
Stella Maris
31%
STIEP
31%
Valéria
31%
Vila Laura
31%
Acupe
23%
Águas Claras
23%
Alto das Pombas
23%
Alto do Coqueirinho
23%
Arenoso
23%
Barbalho
23%
Boa Viagem
23%
Cabula VI
23%
Cajazeiras XI
23%
Calabetão
23%
Caminho de Areia
23%
Campinas de Pirajá
23%
Canabrava
23%
Comércio
23%
Cosme de Farias
23%
Ilha de Maré
23%
Itinga
23%
Jardim das Margaridas
23%
Nazaré
23%
Nova Brasília
23%
Pituaçu
23%
Porto Seco Pirajá
23%
Roma
23%
Santa Cruz
23%
Trobogy
23%
Vila Canária
23%
Vitória
23%
Alto da Terezinha
15%
Aquarius
15%
Areia Branca
15%
Barreiras
15%
Barris
15%
Boa Vista de Brotas
15%
Boa Vista de São Caetano
15%
Calçada
15%
Canela
15%
Capelinha
15%
Centro Histórico
15%
Chame-Chame
15%
Dois de Julho
15%
Engomadeira
15%
Fazenda Grande I
15%
Fazenda Grande II
15%
Granjas Rurais Presidente Vargas
15%
Horto Florestal
15%
IAPI
15%
Ilha Amarela
15%
Ilha dos Frades/Ilha de Santo Antônio
15%
Jardim Armação
15%
Liberdade
15%
Mangueira
15%
Mussurunga
15%
Narandiba
15%
Nova Esperança
15%
Pau da Lima
15%
Pau Miúdo
15%
Praia Grande
15%
Retiro
15%
Rio Sena
15%
Santo Agostinho
15%
São Caetano
15%
São Cristóvão
15%
São Marcos
15%
Saúde
15%
Uruguai
15%
Vila Ruy Barbosa/Jardim Cruzeiro
15%
Vista Alegre
15%
Bom Juá
8%
Caixa D'Água
8%
Calabar
8%
Candeal
8%
Cassange
8%
Castelo Branco
8%
Chapada do Rio Vermelho
8%
Cidade Nova
8%
Colinas de Periperi
8%
Curuzu
8%
Dom Avelar
8%
Doron
8%
Engenho Velho da Federação
8%
Engenho Velho de Brotas
8%
Garcia
8%
Ilha de Bom Jesus dos Passos
8%
Itacaranha
8%
Jaguaripe I
8%
Jardim Cajazeiras
8%
Jardim Nova Esperança
8%
Jardim Santo Inácio
8%
Mares
8%
Massaranduba
8%
Matatu
8%
Mirantes de Periperi
8%
Monte Serrat
8%
Moradas da Lagoa
8%
Nova Constituinte
8%
Novo Horizonte
8%
Pero Vaz
8%
Resgate
8%
Santa Luzia
8%
Santa Mônica
8%
Santo Antônio
8%
São Gonçalo
8%
São João do Cabrito
8%
Sete de Abril
8%
Sussuarana
8%
Tororó
8%
Vale dos Lagos
8%
Arraial do Retiro
0%
Baixa de Quintas
0%
Fazenda Grande III
0%
Fazenda Grande IV
0%
Luiz Anselmo
0%
Macaúbas
0%
Marechal Rondon
0%
Nova Sussuarana
0%
Novo Marotinho
0%
Saboeiro
0%
Saramandaia
0%
Vale das Pedrinhas
0%
Nenhum quiz correspondente encontrado
Distribuição das Pontuações
Porcentagem de Pessoas com Cada Pontuação
Percentil de Números Respondidos
Sua Pontuação Histórica
Você não jogou esse quiz